ARRUPE JESUIT UNIVERSITY

CORONAVIRUS -STOP THE SPREAD - CLEAN,DISINFECT,COVER

Mau Mau and nationhood (Record no. 63385)

MARC details
000 -LEADER
fixed length control field 00656nam a2200241Ia 4500
003 - CONTROL NUMBER IDENTIFIER
control field 0100
005 - DATE AND TIME OF LATEST TRANSACTION
control field 20170522092826.0
008 - FIXED-LENGTH DATA ELEMENTS--GENERAL INFORMATION
fixed length control field 130303s9999 xx 000 0 und d
040 ## - CATALOGING SOURCE
Transcribing agency ARRUPELIB
050 ## - LIBRARY OF CONGRESS CALL NUMBER
Classification number DT433.577.M36 2003
300 ## - PHYSICAL DESCRIPTION
Other physical details 23 cm
245 ## - TITLE STATEMENT
Title Mau Mau and nationhood
245 ## - TITLE STATEMENT
Remainder of title arms, authority and narration
260 ## - PUBLICATION, DISTRIBUTION, ETC. (IMPRINT)
Name of publisher, distributor, etc James Curey
Place of publication, distribution, etc Oxford
Date of publication, distribution, etc 2003
300 ## - PHYSICAL DESCRIPTION
Extent 306p.
440 ## - SERIES STATEMENT/ADDED ENTRY--TITLE
Title Eastern African studies
9 (RLIN) 30694
650 ## - SUBJECT ADDED ENTRY--TOPICAL TERM
Topical term or geographic name as entry element Mau Mau
General subdivision Peasant uprisings
-- History
Chronological subdivision 20th century
Geographic subdivision Kenya
9 (RLIN) 30926
650 ## - SUBJECT ADDED ENTRY--TOPICAL TERM
Topical term or geographic name as entry element Nationalism
General subdivision History
Chronological subdivision 20th century
Geographic subdivision Kenya
9 (RLIN) 30924
650 ## - SUBJECT ADDED ENTRY--TOPICAL TERM
Topical term or geographic name as entry element Kenya----,
General subdivision History
-- Mau Mau emergency
Chronological subdivision 1952-1960
9 (RLIN) 30833
700 ## - ADDED ENTRY--PERSONAL NAME
Personal name Odhiambo, E.S. Atieno ; Lonsdale, John (ed.)
9 (RLIN) 30927
942 ## - ADDED ENTRY ELEMENTS (KOHA)
Source of classification or shelving scheme Library of Congress Classification
Koha issues (borrowed), all copies 1
Koha item type Monograph ( Printed materials)
Holdings
Withdrawn status Lost status Source of classification or shelving scheme Damaged status Not for loan Collection code Home library Current library Shelving location Date acquired Total Checkouts Full call number Barcode Date last seen Date checked out Copy number Price effective from Koha item type
    Library of Congress Classification     Main Collection ARRUPE LIBRARY ARRUPE LIBRARY   05/03/2013 2 DT433.577.M36 2003 46003098271 28/09/2021 24/09/2021 1 05/03/2013 Monograph ( Printed materials)

 

Arrupe Library. PO Box MP320 Mt Pleasant, Harare, Zimbabwe
263 242 745411|librarian@aju.ac.zw